LEADER 00986nam a2200205 i 4500 001 000000015795 003 CaOOAMICUS 005 20180830125443.0 008 180830s1963 it u000 u ita u 040 $aSeMil$bita 100 1 $aLeydi, Roberto.$0(OLS)http://semarc/name/9091 245 10$aCanti sociali italiani /$cRoberto Leydi. 260 $aMilano :$bEdizioni Avanti,$c1963. 300 $av. ;$c21 cm. 650 4$aCanzoni patriottiche - Antologie.$0(OLS)http://semarc/subject/30423 650 4$aCanti politici - Italia.$0(OLS)http://semarc/subject/44812 773 0 $tMondo popolare.$dMilano : Edizioni Avanti, [196-?]$w()4966 774 0 $aLeydi, Roberto$tCanti giacobini, repubblicani, antirisorgimentali, di protesta postunitaria, contro la guerra e il servizio militare.$dMilano : Edizioni Avanti, 1963.$kMondo popolare$g1$w()81629 996 $6245$aCanti sociali italiani$9(OLS)http://semarc/title/401612 996 $6260$aMilano :$bEdizioni Avanti$9(OLS)http://semarc/publisher/32828 LEADER 00980nam a2200205 i 4500 001 000000029894 003 CaOOAMICUS 005 20180830125448.0 008 180830s1995 it u000 u ita u 040 $aSeMil$bita 100 1 $aDi Lella, Alexander A. .$0(OLS)http://semarc/name/90215 245 13$aIl Libro di Daniele /$cAlexander A. Di Lella. 260 $aRoma :$bCittà Nuova,$ccopyr. 1995-copyr. 1996. 300 $a2 v. ;$c20 cm. 650 4$aBibbia. Antico Testamento. Daniele - Commentari, studi, critica, interpretazioni.$0(OLS)http://semarc/subject/2498 773 0 $tGuide spirituali all'Antico Testamento.$dRoma : Città Nuova, 1990.$w()254 774 0 $t1-6.$kGuide spirituali all'Antico Testamento$z88-311-3740-9$g1$w()44456 774 0 $t7-14.$kGuide spirituali all'Antico Testamento$z88-311-3742-5$g2$w()48515 996 $6245$aIl Libro di Daniele$9(OLS)http://semarc/title/40662 996 $6260$aRoma :$bCittà Nuova$9(OLS)http://semarc/publisher/29609